Clasificación histórica de segunda división - Estadísticas

Estadísticas generales
  • Esta prueba ha sido intentada 29 veces
  • La puntuación promedio es 39 de 50
Estadísticas de respuestas
Puesto Temp Ptos Totales Equipo % Correcto
14º 42 1533 Deportivo de La Coruña
100%
29º 28 1143 Real Betis
100%
42 1786 Real Oviedo
100%
27º 21 1259 Real Zaragoza
100%
18º 38 1484 Deportivo Alavés
96%
33º 24 1020 Girona
96%
15º 37 1500 Mallorca
96%
19º 38 1419 Racing Club
96%
32º 31 1048 CD Málaga
92%
25º 33 1285 Granada CF
92%
41 1684 Levante
92%
21º 37 1361 Osasuna
92%
53 1978 Real Murcia
92%
11º 38 1604 Recreativo de Huelva
92%
52 2235 Sporting de Gijón
92%
34º 17 1000 UD Almería
92%
33 1689 UD Las Palmas
92%
22º 27 1339 Albacete BP
88%
48 2121 CD Tenerife
88%
13º 34 1551 Córdoba
88%
37º 22 945 Gimnàstic de Tarragona
88%
41º 13 725 Huesca
88%
38 1691 Rayo Vallecano
88%
45º 16 605 Real Sociedad
88%
12º 42 1595 Cádiz CF
85%
24º 35 1293 Celta de Vigo
85%
41 1891 Elche
85%
46º 16 594 Real Jaén
85%
23º 34 1318 UD Salamanca
85%
17º 42 1486 Castellón
81%
20º 30 1416 Eibar
81%
38º 17 909 Leganés
81%
10º 37 1614 Real Valladolid
81%
49º 17 566 Burgos CF
77%
28º 21 1147 Numancia
73%
36º 24 955 UE Lleida
73%
48º 12 575 CD Lugo
69%
43 1739 Hércules
69%
47º 11 582 Mirandés
69%
50º 13 551 Extremadura
65%
31º 25 1082 Xerez
65%
43º 18 669 Logroñés
62%
16º 44 1492 Sabadell
62%
42º 13 709 Alcorcón
46%
39º 20 781 Badajoz
46%
30º 36 1116 Racing Club de Ferrol
46%
40º 30 776 Barakaldo
42%
26º 28 1261 Real Madrid Castilla
31%
44º 21 629 Valencia Mestalla
8%
35º 23 985 Barcelona Athletic
4%
No se encontraron pruebas coincidentes
Distribución de puntuación
Porcentaje de gente con cada puntuación
Porcentaje por número respondido
Historial de tus puntuaciones
No has intentado esta prueba.